| 000 | 00986cam a22002775a 4500 | ||
|---|---|---|---|
| 001 | 016856811 | ||
| 003 | OSt | ||
| 005 | 20151021114423.0 | ||
| 008 | 140827s2014 enka frb 000 0 eng d | ||
| 020 | _a9781784530655 (pbk.) | ||
| 040 |
_aStDuBDS _beng _cStDuBDS _dEG-ScBUE |
||
| 043 | _ae------ | ||
| 082 | 0 | 4 |
_a070.4332094 _bLLO _222 |
| 100 | 1 |
_aLloyd, John, _d1946- _938377 |
|
| 245 | 1 | 0 |
_aReporting the EU : _bnews, media and the European institutions / _cJohn Lloyd and Cristina Marconi. |
| 260 |
_aLondon : _bI. B. Tauris & Co. Ltd ; _aOxford : _bthe Reuters Institute for the Study of Journalism, Universty of Oxford, _c2014. |
||
| 300 |
_aviii, 119 p. ; _b22 cm. |
||
| 490 | 0 | _achallenges | |
| 504 | _aBiblliography : p. 116-119. | ||
| 610 | 2 | 0 |
_aEuropean Union _xIn mass media. _2BUEsh |
| 650 | 0 |
_aForeign news _zEuropean Union countries. _2BUEsh |
|
| 651 | _2BUEsh | ||
| 653 |
_bCOMAME _cJune2015 _cOctober2015 |
||
| 700 | 1 | _aMarconi, Cristina. | |
| 942 |
_2ddc _k070.4332094 LLO |
||
| 999 |
_c19658 _d19630 |
||